ARRUPE JESUIT UNIVERSITY

CORONAVIRUS -STOP THE SPREAD - CLEAN,DISINFECT,COVER

Hoe and wage : (Record no. 119411)

MARC details
000 -LEADER
fixed length control field 01352cam a2200325 a 4500
001 - CONTROL NUMBER
control field 3997645
003 - CONTROL NUMBER IDENTIFIER
control field ARRUPE
005 - DATE AND TIME OF LATEST TRANSACTION
control field 20131219172253.0
008 - FIXED-LENGTH DATA ELEMENTS--GENERAL INFORMATION
fixed length control field 960402s1996 couab b 001 0 eng
010 ## - LIBRARY OF CONGRESS CONTROL NUMBER
LC control number 96017630
020 ## - INTERNATIONAL STANDARD BOOK NUMBER
International Standard Book Number 0813381681 (alk. paper)
040 ## - CATALOGING SOURCE
Original cataloging agency DLC
Transcribing agency DLC
Modifying agency DLC
043 ## - GEOGRAPHIC AREA CODE
Geographic area code f-uv---
-- fw-----
050 00 - LIBRARY OF CONGRESS CALL NUMBER
Classification number HB2126.4.A3
Item number C67 1996
082 00 - DEWEY DECIMAL CLASSIFICATION NUMBER
Classification number 304.8/2/0966
Edition number 20
300 ## - PHYSICAL DESCRIPTION
Other physical details ill., map ;
Dimensions 24 cm.
100 1# - MAIN ENTRY--PERSONAL NAME
Personal name Cordell, Dennis D.,
Dates associated with a name 1947-
9 (RLIN) 6164
245 10 - TITLE STATEMENT
Title Hoe and wage :
Remainder of title a social history of a circular migration system in West Africa /
Statement of responsibility, etc Dennis D. Cordell, Joel W. Gregory, Victor Piché.
260 ## - PUBLICATION, DISTRIBUTION, ETC. (IMPRINT)
Place of publication, distribution, etc Boulder, Colo. :
Name of publisher, distributor, etc Westview Press,
Date of publication, distribution, etc 1996.
300 ## - PHYSICAL DESCRIPTION
Extent xiv, 384 p. :
440 #0 - SERIES STATEMENT/ADDED ENTRY--TITLE
Title African modernization and development series
9 (RLIN) 6165
504 ## - BIBLIOGRAPHY, ETC. NOTE
Bibliography, etc Includes bibliographical references (p. 343-365) and index.
650 #0 - SUBJECT ADDED ENTRY--TOPICAL TERM
Topical term or geographic name as entry element Migration, Internal
Geographic subdivision Burkina Faso
General subdivision History.
9 (RLIN) 6166
650 #0 - SUBJECT ADDED ENTRY--TOPICAL TERM
Topical term or geographic name as entry element Migration, Internal
Geographic subdivision Africa, West
General subdivision History.
9 (RLIN) 6167
700 1# - ADDED ENTRY--PERSONAL NAME
Personal name Gregory, Joel W.
9 (RLIN) 6168
700 1# - ADDED ENTRY--PERSONAL NAME
Personal name Piché, Victor.
9 (RLIN) 6169
856 42 - ELECTRONIC LOCATION AND ACCESS
Materials specified Publisher description
Uniform Resource Identifier <a href="http://www.loc.gov/catdir/enhancements/fy0832/96017630-d.html">http://www.loc.gov/catdir/enhancements/fy0832/96017630-d.html</a>
906 ## - LOCAL DATA ELEMENT F, LDF (RLIN)
a 7
b cbc
c orignew
d 1
e ocip
f 19
g y-gencatlg
942 ## - ADDED ENTRY ELEMENTS (KOHA)
Source of classification or shelving scheme Library of Congress Classification
Koha item type Monograph ( Printed materials)
Holdings
Withdrawn status Lost status Source of classification or shelving scheme Damaged status Not for loan Home library Current library Shelving location Date acquired Total Checkouts Full call number Barcode Date last seen Date checked out Price effective from Koha item type
    Library of Congress Classification     ARRUPE LIBRARY ARRUPE LIBRARY Main Collection 19/12/2013 4 HB2126.4.A3 C67 1996 464122456 20/02/2019 06/02/2019 19/12/2013 Monograph ( Printed materials)

 

Arrupe Library. PO Box MP320 Mt Pleasant, Harare, Zimbabwe
263 242 745411|librarian@aju.ac.zw